Home Improvements (Record no. 121304)
[ view plain ]
| 000 -LEADER | |
|---|---|
| fixed length control field | 00850nam a22002177a 4500 |
| 008 - FIXED-LENGTH DATA ELEMENTS--GENERAL INFORMATION | |
| fixed length control field | 230110s2021 xxk||||| |||| 00| 0 eng d |
| 020 ## - INTERNATIONAL STANDARD BOOK NUMBER | |
| ISBN | 978152791607 |
| 041 ## - LANGUAGE CODE | |
| Language code of text/sound track or separate title | eng |
| 050 ## - Library of Congress Classification | |
| Class mark | 643.7 |
| 100 ## - MAIN ENTRY--PERSONAL NAME | |
| Personal author | Clarke, Keith James |
| 245 ## - TITLE STATEMENT | |
| Title | Home Improvements |
| Subtitle | ideas from an architect |
| 300 ## - PHYSICAL DESCRIPTION | |
| Physical description | 110p. |
| Dimensions | 25cm |
| 365 ## - TRADE PRICE | |
| Price amount | Donated |
| 500 ## - GENERAL NOTE | |
| General note | Donated by the author |
| 520 ## - ABSTRACT | |
| Abstract | A colour illustrated book aimed at the homeowner who wants to improve the quality of their home through a project as well as those developing their skills in the building industry. Case studies illustrate each potential project, from storage cupboard or loft conversion to walk-in-wardrobe or kitchen design. |
| 650 ## - KEYWORDS | |
| Keywords | Home improvements |
| 650 ## - KEYWORDS | |
| Keywords | Architecture |
| 651 ## - SUBJECT ADDED ENTRY--GEOGRAPHIC NAME | |
| Geographic name | United Kingdom |
| 690 ## - BROAD SUBJECT | |
| 9 (RLIN) | 6234 |
| Broad subject | Design & specification |
| 942 ## - ADDED ENTRY ELEMENTS (KOHA) | |
| Suppress in OPAC | Do not suppress in OPAC |
| Lost status | Damaged status | Not for loan | Home library | Current library | Shelving location | Date acquired | Source of acquisition | Total Checkouts | Full call number | Date last seen | Price effective from | Koha item type |
|---|---|---|---|---|---|---|---|---|---|---|---|---|
| London | London | Books | 10/01/2023 | Donated | 643.7 | 10/01/2023 | 10/01/2023 | Book |